000 00635nam a2200217 a 4500
003 BD-DhJNU
005 20250209052819.0
008 031202s2004 enka 001 0 eng
020 _a9780415274104
040 _aBD-DhJNU
_bENG
_cBD-DhJNU
_dBD-DhJNU
082 0 0 _a300.0285 SPS
_223
245 0 0 _aSPSS explained /
_cPerry R. Hinton ... [et al.].
260 _aLondon ;
_aNew York :
_bRoutledge,
_c2012.
300 _axvii, 377 p. :
_bill. ;
_c24 cm.
504 _aIncludes index.
650 0 _aPsychometrics
_xComputer programs
700 1 _aBrownlow, Charlotte
700 1 _aMcMurray, Isabella
700 1 _aCozens, Bob
942 _cBK
999 _c1270
_d1270